| 000 | 00738nmm a2200289 a 4500 | ||
|---|---|---|---|
| 003 | AR-BaBNM | ||
| 005 | 20251128211546.0 | ||
| 008 | 244120s2003 ||||||||||||||000 | spa|| | ||
| 020 | _a43-1734-0 | ||
| 040 | _cAR-BaBNM | ||
| 100 | 1 | _aRamos, Fortunato | |
| 245 | 1 | 0 | _aCostumbres, poemas y regionalismos |
| 250 | _a11ª ed. | ||
| 260 |
_aHumahuaca _bEl autor _c2003 |
||
| 300 | 0 | _a103 p. | |
| 500 | 0 | _aContiene glosario en p. 99 | |
| 650 | 4 | _aLITERATURA ARGENTINA | |
| 650 | 4 | _aCOSTUMBRES Y TRADICIONES | |
| 650 | 4 | _aFOLKLORE | |
| 650 | 4 | _aANTOLOGIAS | |
| 650 | 4 | _aPOESIA | |
| 650 | 4 | _aLITERATURA FOLKLORICA | |
| 655 | _aLITERATURA | ||
| 700 | 1 |
_aVázquez Zuleta, Sixto _eprologuista |
|
| 942 | _cBK | ||
| 998 | _cmartin | ||
| 999 |
_c20180 _d20180 |
||